Populacja państw – nagła śmierć - Statystyki

Ogólne statystyki
  • Ten quiz został rozwiązany 10 733 razy
  • Średni wynik to 5 z 10
Answers on the Grid
Answers color-coded by a green-red scale on the quiz's grid according to % correct below.
Kanada
Meksyk
Stany Zjednoczone
Indonezja
Tajlandia
Wietnam
Kolumbia
Etiopia
Malezja
Polska
Hiszpania
Turcja
Algieria
Grecja
Tajwan
Argentyna
Kambodża
Szwecja
Belgia
Haiti
Arabia Saudyjska
Austria
Cypr
Jamajka
Albania
Bahamy
Nowa Zelandia
Timor Wschodni
Grenada
Islandia
 
Statystyki odpowiedzi
Odpowiedź % Poprawnych
351 mln Stany Zjednoczone
95%
286 mln Indonezja
75%
88 mln Turcja
57%
135 mln Etiopia
52%
47 mln Algieria
42%
46 mln Argentyna
38%
34.5 mln Arabia Saudyjska
36%
9.1 mln Austria
32%
5.3 mln Nowa Zelandia
24%
1.42 mln Timor Wschodni
14%
Nie znaleziono quizów pasujących do podanych kryteriów
Rozkład punktacji
Procent ludzi z każdym wynikiem
Percentyl według liczby udzielonych odpowiedzi
Twoja historia wyników
Nie rozwiązałeś tego quizu